000 00403pab a2200145 454500
008 180718b1995 xxu||||| |||| 00| 0 eng d
100 _aBaggott, Rob
245 _aFrom confrontation to consultation?
_bpressure group relation from Thatcher to Major.
260 _c1995
300 _ap.484-502
362 _aJul
650 _aPressure groups - U.K.
773 _aParliamentary Affairs
909 _a29319
999 _c29319
_d29319